Les plus grandes villes françaises contenant "sur" sur une carte - Statistiques

Statistiques générales
  • Ce quiz a été pris 39 fois
  • Le résultat moyen est 7 sur 16
Réponses sur la Carte
Les réponses sont colorées sur une échelle allant du rouge au vert en fonction du pourcentage des utilisateurs qui les ont devinées à leur premier essai. Vous pouvez retrouver ces pourcentages ci-dessous.
 
Statistiques - réponses
Pop. Villes -sur- Département % Correct
40 251 Boulogne-sur-Mer 62
79%
55 147 La Roche-sur-Yon 85
61%
63 748 Ivry-sur-Seine 94
58%
62 987 La Seyne-sur-Mer 83
55%
59 599 Neuilly-sur-Seine 92
55%
95 510 Vitry-sur-Seine 94
50%
52 178 Cagnes-sur-Mer 06
47%
36 577 Villefranche-sur-Saône 69
47%
87 143 Asnières-sur-Seine 92
45%
45 056 Chalon-sur-Saône 71
39%
35 907 Neuilly-sur-Marne 93
32%
50 697 Saint-Ouen-sur-Seine 93
32%
76 990 Champigny-sur-Marne 94
29%
34 042 Nogent-sur-Marne 94
26%
54 611 Epinay-sur-Seine 93
21%
36 577 Savigny-sur-Orge 91
8%
Aucun quiz correspondant
Distribution des résultats
% des personnes avec chaque résultat
Percentile par nombre de réponses
Votre historique - résultats
Vous n’avez pas pris ce quiz